000 01405nam0a22002651 4500
001 rc\3164824
005 20120615110927.4
035 _a(NLR Aleph) 007304635
090 _a5746469
_c5746469
100 _a20120615d1976 |||y0rusy50 ca
101 0 _arus
102 _aRU
105 _ay i |||||
200 1 _aОсновные показатели медицинского обслуживания беременных, рожениц, родильниц и новорожденных
_eЕстественное движение населения и заболеваемость взрослых и подростков городской местности области по данным годовых статистических отчетов ф. № 1, отчетов-вкладышей № 1, 3, ф. 85-сэс, ф. 271. 1970-1975
_fСост.: Логачева В.Н., Овсянникова Е.С., Маслова М.П.
_gЧеляб. обл. отд.здравоохранения. Бюро мед. статистики
210 _aЧелябинск
_cБ. и.
_d1976
215 _a130 с.
_d20
333 _aДСП. Экз. № 3
702 1 _aОвсянникова
_bЕ. С.
_4220
702 1 _aЛогачева
_bВ. Н.
_4220
702 1 _aМаслова
_bМ. П.
_4220
801 0 _aRU
_bNLR
_gpsbo
801 1 _aRU
_bELAR
_2rusmarc
852 _aNLR
_j77-50К/499
942 _cBOOK
980 _aNB